67 Quiz - Statistiques

Statistiques générales
  • Ce quiz a été pris 19 fois
  • Le résultat moyen est 4 sur 15
Statistiques - réponses
🤲🤲🤲🤲🤲🤲🤲🤲 Réponse % Correct
Département n°67 Bas-Rhin
73%
Caractère ASCII de 67 C
67%
Préfecture du département 67 Strasbourg
67%
Température moyenne de quelle planète est de -67°C Mars
47%
Mouvement culturel né à San Francisco pendant l'été 67 Hippie
40%
Fast-Food créé en 1967 Quick
40%
Chanson de Claude François sortie en 1967 Comme d'habitude
13%
Basketteur NBA au centre du 67 LaMelo Ball
13%
67 pouces en centimètres 170cm
7%
Dans quel pays la peine de mort a été abolie en 1967 ? Australie
7%
Élément chimique n°67 Holmium
7%
Film d'animation Disney sorti en 1967 Le Livre de la Jungle
0%
Ligne de métro parisienne qui fait 6,7 km de long Ligne 2
0%
Pokémon numéro 67 Machopeur
0%
Joueur de foot portant ce numéro à Fenerbahçe Mesut Özil
0%
Aucun quiz correspondant
Distribution des résultats
% des personnes avec chaque résultat
Percentile par nombre de réponses
Votre historique - résultats
Vous n’avez pas pris ce quiz